Pokémon games - Statistics

General Stats
  • This quiz has been taken 11 times
  • The average score is 21 of 33
Answer Stats
Answer % Correct
Pokémon Blue
100%
Pokémon Emerald
100%
Pokémon Red
100%
Pokémon Y
100%
Pokémon Alpha Sapphire
75%
Pokémon Black
75%
Pokémon Black 2
75%
Pokémon Fire Red
75%
Pokémon Gold
75%
Pokémon Green
75%
Pokémon Leaf Green
75%
Pokémon Lets Go, Eevee!
75%
Pokémon Lets Go, Pikachu!
75%
Pokémon Omega Ruby
75%
Pokémon Ruby
75%
Pokémon Silver
75%
Pokémon White
75%
Pokémon White 2
75%
Pokémon X
75%
Pokémon Yellow
75%
Pokémon Crystal
50%
Pokémon Moon
50%
Pokémon Sapphire
50%
Pokémon Shield
50%
Pokémon Sun
50%
Pokémon Sword
50%
Pokémon Ultra Moon
50%
Pokémon Ultra Sun
50%
Pokémon Diamond
25%
Pokémon Heart Gold
25%
Pokémon Pearl
25%
Pokémon Platinum
25%
Pokémon Soul Silver
25%
No matching quizzes found
Score Distribution
Percent of People with Each Score
Percentile by Number Answered
Your Score History
You have not taken this quiz